| 000 | 00537nam a22002057a 4500 | ||
|---|---|---|---|
| 005 | 20250113122721.0 | ||
| 008 | 190726b xxu||||| |||| 00| 0 spa d | ||
| 041 | _aESP/ENG | ||
| 082 | _aPlegables | ||
| 245 | _aCosta Rica: tropical trees north and central pacific | ||
| 260 | _aCosta Rica | ||
| 260 | _bRainforest Publications | ||
| 260 | _c2008 | ||
| 650 | _aMATERIAL DIDÁCTICO | ||
| 650 | _aCOSTA RICA | ||
| 650 | _aÁRBOLES TROPICALES | ||
| 650 | _aPACÍFICO NORTE | ||
| 650 | _aPACÍFICO CENTRAL | ||
| 942 |
_cMATDID _2ddc |
||
| 999 |
_c12182 _d12182 |
||